| 000 | 01639nac a22003251i 4500 | ||
|---|---|---|---|
| 003 | EG-ScBUE | ||
| 005 | 20240528145147.0 | ||
| 008 | 090120r20072006enkab f b 001 0 eng d | ||
| 020 | _a9781851685554 | ||
| 035 | _a(OCoLC)ocm70173865 | ||
| 040 |
_aEG-ScBUE _beng _erda _cEG-ScBUE _dEG-ScBUE |
||
| 043 |
_aa-is--- _aawba--- _aawgz--- |
||
| 082 | 0 | 4 |
_a956.9405 _bPAP _222 |
| 100 | 1 |
_aPappe, Ilan, _eauthor. _91813 |
|
| 245 | 1 | 4 |
_aThe ethnic cleansing of Palestine / _cIlan Pappe. |
| 250 | _aReprint edition. | ||
| 264 | 1 |
_aOxford : _bOneworld Publications, _c2007. |
|
| 300 |
_axviii, 313 pages, [16] pages of plates : _billustrations, maps ; _c24 cm |
||
| 336 |
_2rdacontent _atext _btxt |
||
| 337 |
_aunmediated _2rdamedia _bn |
||
| 338 |
_avolume _bnc _2rdacarrier |
||
| 504 | _aIncludes bibliographical references and index. | ||
| 505 | 0 | _aAn 'alleged' ethnic cleansing? -- The drive for an exclusively Jewish state -- Partition and destruction: UN Resolution 181 and its impact -- Finalising a master plan -- The blueprint for ethnic cleansing: plan Dalet -- The phony war and the real war over Palestine: May 1948 -- The escalation of the cleansing operations: June-September 1948 -- Completing the job: October 1948-January 1949 -- Occupation and its ugly faces -- The memoricide of the Nakba -- Nakba denial and the 'peace process' -- Fortress Israel. | |
| 650 | 7 |
_aForced migration _zPalestine. _2BUEsh |
|
| 650 | 7 |
_aIsrael-Arab War, 1948-1949. _2BUEsh |
|
| 650 | 7 |
_aArab-Israeli conflict. _2BUEsh |
|
| 655 | _vReading book | ||
| 856 | 4 | 1 |
_3Table of contents _uhttp://www.loc.gov/catdir/toc/fy0801/2007407207.html |
| 942 |
_cBB _2ddc |
||
| 999 |
_c8581 _d8581 |
||